[Event "BAN-chT2"]
[White "Md Abu, Said"]
[Black "Mohammad, Shakil"]
[Site "Dhaka"]
[Round "1.3"]
[Result "1-0"]
[Date "2022.07.18"]
[WhiteElo "1510"]
[BlackElo "1734"]
[PlyCount "73"]
[EventDate "2022.07.18"]
[EventType "team-swiss"]
[EventRounds "9"]
[EventCountry "BAN"]
[SourceTitle "EXT 2023"]
[Source "ChessBase"]
[SourceDate "2022.10.05"]
[SourceVersion "1"]
[SourceVersionDate "2022.10.05"]
[SourceQuality "1"]
[WhiteTeam "Manha's Castle"]
[BlackTeam "Bangladesh Chess Arena"]
[WhiteTeamCountry "BAN"]
[BlackTeamCountry "BAN"]

1. e4 c5 2. Nf3 d6 3. h3 Nf6 4. Nc3 a6 5. d4 cxd4 6. Nxd4 e6 7. Bd3 d5 8. e5 Nfd7 9. Nf3 Nc6 10. Bf4 Qc7 11. Qe2 f6 12. exf6 Qxf4 13. Qxe6+ Kd8 14. f7 Qd6 15. Qe8+ Kc7 16. 0-0-0 Nf6 17. Bc4 Qf4+ 18. Kb1 Qxc4 19. Ne5 Nxe5 20. Qxe5+ Bd6 21. Qg5 Bd7 22. Qxg7 Be5 23. Nxd5+ Nxd5 24. Qxe5+ Kc6 25. Rd4 Qc5 26. Qe4 Bf5 27. Qh4 Qxc2+ 28. Ka1 b5 29. Qh6+ Bg6 30. Rc1 Qxc1+ 31. Qxc1+ Kd6 32. Qh6 Rhf8 33. h4 Kc5 34. Rd1 Rxf7 35. h5 Bf5 36. b4+ Nxb4 37. Qd6+ 1-0